La Guerra

Wedi'i Gadw mewn:
Manylion Llyfryddiaeth
Fformat: Texto
Tagiau: Ychwanegu Tag
Dim Tagiau, Byddwch y cyntaf i dagio'r cofnod hwn!

MARC

LEADER 00000 a a2200000 04500
001 17540
003
040
245 |a La Guerra  
773 |g número 44; páginas 689-690  
999 |c 35418  |d 35418